000 00325nam a2200133Ia 4500
008 150201s1999 xx 000 0 und d
082 _a615.1
_bM99E
100 _aELLSWOTH , ALLAN J.
245 _aMOSBY'S MEDICAL DURG REFERNCE
260 _bMOSBY
_aDELHI
_c1999
300 _a1048
650 _aPHARMACOLOGY
942 _2ddc
_cBK
999 _c1849
_d1849